Quizzes
Events
Quiz Creation
Community
Videos
Private Events
Remove Ads
Sign In
Join for FREE
Feedback
Dark Mode
Quiz Categories
Sports
Geography
Music
Movies
Television
Just For Fun
Miscellaneous
History
Literature
Language
Science
Gaming
Entertainment
Religion
Holiday
For Kids
Quiz Lab
Recent
Popular Today
Quiz Kudos Today
Editor Picks
Curator Picks
Quizzes by...
Day
Popularity
Type
Ratings
Length
Year
Community
Subscriptions
Recent Discussions
Orange Saloon
Badges
Playlists
Quests
Create
Leaderboards
Showdown
Live 5
Trivia Bingo
Activity
Puzzle Library
Sporcle Events
Private Events
Virtual Trivia
Globe League
Become a Host
Pub Owners
SporcleCon
Opinionation
Our Games
Videos
Blog
Mobile Apps
Partnerships
Remove Ads and Go Orange
Feedback
Sports
Athletes
MLB
NBA
NHL
NFL
Soccer
Sports Teams
WWE
NCAA
Football
Premier League
Basketball
Baseball
Hockey
Golf
Tennis
Cricket
Rugby
Auto Racing
Olympics
World Cup
Sports
Athletes
MLB
NBA
NHL
NFL
Soccer
Sports Teams
WWE
NCAA
Football
Premier League
Basketball
Baseball
Hockey
Golf
Tennis
Cricket
Rugby
Auto Racing
Olympics
World Cup
Random Quiz
Search Sporcle
×
Quiz Lab
Quiz Lab
Sports
Winning Pitchers
Type in answers that appear in a list
Type in answers that appear in a list
Classic
Best Score? Go Orange.
Top ten Winning Pitchers Per Team Stats
Can you name the Top ten Winning Pitchers Per Team?
By
grouchoatty
20m
300 Questions
381 Plays
381 Plays
381 Plays
Comments
Comments
Give Quiz Kudos
Give Quiz Kudos
-
- Ratings
hide this ad
Replay
Link that replays current quiz
Next Quiz
Link to next quiz in quiz playlist
You Got
0%
They Got
Avg Score
57%
Avg Friend Score
Upgrade to see
Score Distribution
Jump to the score distribution portion of the page
Score
0/300
Timer
20:00
0
Plays Today
Team
Player
% Correct
Arizona
Randy Johnson
99.7%
Minnesota
Walter Johnson
99.7%
Seattle
Randy Johnson
99.7%
Florida
Josh Johnson
98.4%
Atlanta
Greg Maddux
97.6%
Baltimore
Jim Palmer
96.3%
Atlanta
Phil Niekro
95.8%
Atlanta
Tom Glavine
95.8%
Atlanta
John Smoltz
95.8%
Boston
Cy Young
95.8%
Houston
Joe Niekro
95.8%
Arizona
Curt Schilling
94.5%
Boston
Roger Clemens
94.5%
Philadelphia
Curt Schilling
94.5%
Atlanta
Warren Spahn
94.2%
Seattle
Matt Young
94.2%
Houston
Nolan Ryan
93.7%
Los Angeles Angels
Nolan Ryan
93.7%
Los Angeles Dodgers
Sandy Koufax
93.2%
New York Yankees
Whitey Ford
93.2%
New York Mets
Tom Seaver
92.4%
Cleveland
Bob Feller
92.1%
Los Angeles Dodgers
Don Drysdale
92.1%
San Francisco
Christy Mathewson
92.1%
Texas
Kevin Brown
91.9%
Philadelphia
Steve Carlton
91.6%
Boston
Pedro Martinez
91.3%
Chicago Cubs
Ferguson Jenkins
91.3%
San Diego
Randy Jones
91.3%
Texas
Ferguson Jenkins
91.3%
Washington
Charlie Lea & Pedro Martinez
91.1%
Chicago Cubs
Mordechai Brown
90.8%
Florida
Kevin Brown & Carl Pavano
90.8%
Baltimore
Dennis Martinez
90.6%
New York Mets
Bobby Jones
90.6%
Washington
Dennis Martinez
90.6%
Los Angeles Dodgers
Don Sutton
89.8%
St. Louis
Bob Gibson
89.8%
New York Mets
Doc Gooden
89%
Baltimore
Mike Mussina
88.5%
Toronto
Dave Stieb
88.2%
San Francisco
Gaylord Perry
87.9%
Minnesota
Jim Perry
87.4%
Washington
Steve Rogers
86.9%
Seattle
Felix Hernandez
85.8%
Florida
Dontrelle Willis
85.6%
Oakland
Catfish Hunter
85.6%
Oakland
Vida Blue
85.6%
Texas
Kenny Rogers
85.6%
Washington
Livan Hernandez
85.6%
Arizona
Brandon Webb
85.3%
Detroit
Jack Morris
85.3%
Chicago Cubs
Bill Lee
84.8%
Atlanta
Vic Willis
84.3%
San Francisco
Juan Marichal
84.3%
New York Yankees
Andy Pettitte
84%
Pittsburgh
Ed Morris
84%
Baltimore
Mike Cuellar
83.7%
Detroit
Mickey Lolich
83.7%
Philadelphia
Robin Roberts
83.5%
Philadelphia
Grover Alexander
83.5%
Boston
Lefty Grove
82.7%
Oakland
Lefty Grove
82.7%
Boston
Tim Wakefield
82.2%
Texas
Charlie Hough
81.6%
New York Mets
Jerry Koosman
81.1%
St. Louis
Dizzy Dean
81.1%
New York Yankees
Lefty Gomez
80.8%
Seattle
Jamie Moyer
80.8%
Chicago White Sox
Wilbur Wood
80.1%
Toronto
Roy Halladay
80.1%
New York Yankees
Ron Guidry
79.5%
Boston
Smokey Joe Wood
79.3%
Baltimore
Dave McNally
79%
Houston
Roy Oswalt
79%
Houston
Don Wilson
79%
Kansas City
Bret Saberhagen
78.7%
Cleveland
Bob Lemon
78.5%
Los Angeles Dodgers
Fernando Valenzuela
78.2%
Boston
Luis Tiant
78%
Houston
Mike Scott
77.4%
Los Angeles Dodgers
Orel Hershiser
77.4%
Tampa Bay
James Shields
77.4%
New York Yankees
Waite Hoyt
77.2%
Kansas City
Dennis Leonard
76.9%
Kansas City
Paul Splittorff
76.6%
San Diego
Jake Peavy
76.6%
Tampa Bay
Wade Davis & Mark Hendrickson
76.6%
Arizona
Doug Davis
76.4%
Los Angeles Angels
Chuck FInley
76.4%
San Francisco
Carl Hubbell
76.4%
Chicago White Sox
Frank Smith
75.9%
Washington
Bryn Smith
75.9%
Minnesota
Dutch Leonard
75.6%
Cleveland
Early Wynn
75.1%
New York Mets
Sid Fernandez
75.1%
Oakland
Eddie Plank
74.5%
Minnesota
Bert Blyleven
74.3%
Minnesota
Jim Kaat
74%
Los Angeles Angels
Frank Tanana
73.5%
Team
Player
% Correct
Los Angeles Angels
Ervin Santana
73%
New York Yankees
Red Ruffing
72.7%
Houston
JR Richard
72.4%
Atlanta
Kid Nichols
72.2%
Chicago White Sox
Ted Lyons
72.2%
New York Mets
Ron Darling
71.4%
Los Angeles Dodgers
Dazzy Vance
70.9%
Milwaukee
Teddy Higuera
70.6%
Baltimore
Mike Flanagan
69.6%
New York Mets
David Cone
69.6%
New York Yankees
Mel Stottlemyre
69.3%
Cincinnati
Eppa Rixey
68.8%
Colorado
Ubaldo Jimenez
68.5%
Cleveland
Mike Garcia
68.2%
San Diego
Eric Show
68.2%
Pittsburgh
Bob Friend
68%
Toronto
Todd Stottlemyre
68%
Oakland
Rube Waddell
67.7%
Seattle
Freddie Garcia
67.7%
Toronto
Jimmy Key
67.7%
Toronto
David Wells
67.7%
Chicago White Sox
Ed Walsh
66.9%
Detroit
Hal Newhouser
66.7%
New York Yankees
Allie Reynolds
66.7%
Houston
Ken Forsch
66.4%
St. Louis
Bob Forsch
66.4%
Houston
Shane Reynolds
66.1%
Los Angeles Angels
Mark Langston
65.6%
Seattle
Mark Langston
65.6%
Milwaukee
Ben Sheets
65.1%
Houston
Larry Dierker
64.8%
Chicago Cubs
Charlie Root
64.6%
Oakland
Dave Stewart
64.3%
Tampa Bay
David Price
63.8%
Cincinnati
Jim Maloney
63.3%
Kansas City
Larry Gura
63.3%
Chicago White Sox
Red Faber
63%
Florida
Josh Beckett
63%
Milwaukee
Jim Slaton
63%
Colorado
Aaron Cook
62.2%
Los Angeles Dodgers
Burleigh Grimes
62.2%
Pittsburgh
Vernon Law
62.2%
Chicago White Sox
Mark Buehrle
61.4%
Chicago White Sox
Doc White
61.4%
Los Angeles Angels
Jered Weaver
61.2%
Pittsburgh
Wilbur Cooper
60.9%
Baltimore
Scott McGregor
60.4%
Detroit
Hooks Dauss
60.4%
Los Angeles Dodgers
Claude Osteen
59.8%
New York Yankees
Herb Pennock
59.8%
Minnesota
Frank Viola
59.3%
Atlanta
Lew Burdette
58.5%
Cleveland
Stan Coveleski
58.5%
Minnesota
Brad Radke
58.5%
Baltimore
Milt Pappas
58.3%
Los Angeles Angels
Mike Witt
58.3%
Texas
Bobby Witt
58.3%
Cleveland
Addie Joss
57.7%
Milwaukee
Mike Caldwell
57.7%
Arizona
Andy Benes
57.2%
San Diego
Andy Benes
57.2%
Arizona
Ian Kennedy
57%
Los Angeles Dodgers
Brickyard Kennedy
57%
Washington
Bill Gullickson
57%
Chicago White Sox
Billy Pierce
56.2%
Atlanta
John Clarkson
55.4%
Chicago Cubs
Rick Reuschel
55.4%
Kansas City
Kevin Appier
55.1%
Kansas City
Steve Busby
55.1%
New York Mets
Jon Matlack
55.1%
Tampa Bay
Scott Kazmir
53.8%
Chicago White Sox
Ed Cicotte
53.3%
Pittsburgh
Pud Galvin
53.3%
Philadelphia
Curt Simmons
53%
Oakland
Chief Bender
52.8%
Cincinnati
Bucky Walters
52%
Philadelphia
Chris Short
52%
Florida
AJ Burnett
50.7%
Arizona
Brian Anderson
50.4%
Boston
Joe Dobson
50.4%
Los Angeles Angels
Clyde Wright
49.6%
Kansas City
Mike Gubicza
49.1%
Los Angeles Angels
John Lackey
49.1%
Colorado
Jamey Wright
48.8%
San Francisco
Joe McGinnity
48.6%
Detroit
Dizzy Trout
47.2%
San Francisco
Amos Rusie
46.5%
St. Louis
Jesse Haines
46.5%
Toronto
Pat Hentgen
46.5%
Arizona
Dan Haren
44.9%
San Diego
Bruce Hurst
44.6%
Detroit
Bill Donovan
44.4%
Los Angeles Dodgers
Johnny Podres
44.4%
Pittsburgh
Babe Adams
44.4%
Seattle
Mike Moore
43.8%
Toronto
Jim Clancy
43.6%
New York Yankees
Bob Shawkey
43.3%
New York Mets
Al Leiter
42.5%
Philadelphia
Al Orth
42.5%
Tampa Bay
Victor Zambrano
42.3%
Team
Player
% Correct
Cleveland
George Uhle
41.7%
Florida
Ricky Nolasco
41.7%
Chicago White Sox
Joel Horlen
41.5%
Florida
Brad Penny
40.9%
Boston
Mel Parnell
40.4%
Chicago Cubs
Ed Reulbach
39.4%
Cincinnati
Dolph Luque
39.1%
San Diego
Andy Ashby
39.1%
Minnesota
Camilo Pascual
38.8%
Cleveland
Mel Harder
38.6%
Colorado
Jason Jennings
38.3%
St. Louis
Bill Doak
38.3%
Texas
Rick Helling
38.3%
Cleveland
Charles Nagy
38.1%
Boston
Bob Stanley
37%
Cincinnati
Paul Derringer
36.2%
Detroit
Frank Lary
36.2%
Colorado
Jorge De la Rosa
35.7%
Baltimore
Urban Shocker
35.2%
Detroit
George Mullin
34.9%
Chicago Cubs
Guy Bush
33.9%
Tampa Bay
Matt Garza
33.3%
Colorado
Jeff Francis
32.8%
Washington
Javier Vazquez
32.8%
Houston
Bob Knepper
32%
San Diego
Trevor Hoffman
32%
Cincinnati
Tony Mullane
31.8%
Kansas City
Tom Gordon
31.5%
Oakland
Eddie Rommel
31.5%
St. Louis
Silver King
31.5%
San Francisco
Freddie Fitzsimmons
31.2%
San Diego
Ed Whitson
30.7%
Chicago Cubs
Hippo Vaughn
30.4%
Cincinnati
Joe Nuxhall
30.4%
Florida
Anibal Sanchez
30.4%
Philadelphia
Jack Taylor
30.4%
Cincinnati
Noodles Hahn
29.9%
Texas
Jose Guzman
29.9%
Toronto
Juan Guzman
29.9%
Colorado
Steve Reed
29.4%
Milwaukee
Chris Bosio
29.4%
New York Mets
Steve Trachsel
29.4%
Washington
Scott Sanderson
29.4%
Pittsburgh
Deacon Phillippe
28.9%
Seattle
Gil Meche
28.9%
Kansas City
Charlie Liebrandt
28.6%
Oakland
Jack Coombs
28.3%
Texas
Darren Oliver
27.8%
Washington
Steve Renko
27.8%
Los Angeles Angels
Curt McCaskill
27.3%
Milwaukee
Moose Haas
27.3%
Chicago Cubs
Bill Hutchinson
27%
Detroit
Tommy Bridges
26.8%
Tampa Bay
Albie Lopez
26.8%
St. Louis
Bob Caruthers
26.5%
Baltimore
Jack Powell
25.7%
Pittsburgh
Sam Leever
25.7%
San Diego
Andy Hawkins
25.7%
Texas
Dick Bosman
25.7%
Milwaukee
Bill Wegman
25.2%
San Francisco
Larry Jansen
25.2%
St. Louis
Harry Brecheen
25.2%
Colorado
Pedro Astacio
24.9%
Oakland
Rube Walberg
24.9%
Arizona
Miguel Batista
24.7%
Texas
Danny Darwin
24.4%
Chicago Cubs
Clark Griffith
24.1%
Cincinnati
Pete Donohue
24.1%
Colorado
Kevin Ritz
23.9%
San Francisco
Hooks Wiltse
23.9%
Florida
Ryan Dempster
23.6%
Pittsburgh
Rip Sewell
22.8%
Milwaukee
Bill Travers
22%
Tampa Bay
Andy Sonnanstine
22%
Kansas City
Al Fitzmorris
21.3%
Pittsburgh
Ray Kremer
21.3%
Toronto
Luis Leal
21.3%
Detroit
Earl Whitehill
21%
Milwaukee
Cal Eldred
20.5%
Seattle
Erik Hanson
20.5%
Atlanta
John Stivitts
20.2%
Milwaukee
Jaime Navarro
19.9%
San Diego
Joey Hamilton
19.7%
San Francisco
Hal Schumacher
19.4%
Minnesota
Firpo Marberry
19.2%
Arizona
Omar Daal
18.9%
Cincinnati
Frank Dwyer
18.9%
Cleveland
Willis Hudlin
18.9%
Washington
Jeff Fassero
18.6%
Philadelphia
Kid Carsey
18.4%
St. Louis
Bill Sherdel
18.4%
Florida
Pat Rapp
18.1%
Seattle
Joel Pineiro
18.1%
St. Louis
Dave Foutz
18.1%
Philadelphia
Tully Sparks
17.3%
Tampa Bay
Jeff Niemann
16.8%
Toronto
Kelvin Escobar
16.8%
Colorado
Curtis Leskanic
16%
Tampa Bay
Estaban Yan
15.5%
Minnesota
Case Patten
15%
Quiz Playlist
Details
Report
Send in Message
Add To Playlist
Classic:
Type in answers that appear in a list
Last Updated: Feb 16, 2017
Quiz Scoreboard
CHALLENGE
Sign Up to Join the Scoreboard
Show All
Scores
Hide
Comments
May contain spoilers
Recently Published
Decade Duel: World Leaders
by jenniferyan
History
4m
Alphabetical 'K' Countries by Flag Minefield
by ylime102
Geography
3m
Pick 6: Fruits
by JohnFran
Miscellaneous
15s
More to Explore
Quiz From the Vault
Featured Blog Post
15 Basketball Trivia Facts You Can Be March Mad About
hide this ad
You Might Also Like...
Tags
Per Team
Pitchers
Player
team
ten
Win
Winning
Winning Pitchers
Today's Top Quizzes in Sports
Browse Sports
hide this ad
Today's Top Quizzes in Winning Pitchers
Browse Winning Pitchers
Top Contributed Quizzes in Sports
1
Les joueurs à 100 buts en Ligue 1 Uber Eats
2
Pick 6: NFL Teams
3
2022 World Cup Stars
4
MLB 2 truths and a lie: Hall of Fame pitchers
5
Pick 6: Minor League Baseball
6
Millionaire: NBA Finals Edition
7
Click the 1998 NBA Draft
8
Criteria MLB: Left Handed Sluggers
9
Pick 6: Olympics
10
Pick 6: NFL WRs
Explore More
Trending Topics
Anime
Harry Potter
Kpop
Disney
NBA
Marvel
Crossword
WWE
NFL
Pokémon
Puzzle
Country
Soccer
Song
The Office
hide this ad
More By:
grouchoatty
Quiz
Plays
Rating
Category
Featured
Created
1,000 RBIs, One Team
28,204
4.76
Sports
Aug 18, 2012
NBA All Star Rosters 1970-1979
935
4.60
Sports
Feb 14, 2012
Great Comedic Movie Quotes
886
4.50
Movies
Apr 18, 2010
150 Highest Yankee HR Hitter
885
4.57
Sports
Mar 5, 2012
Top 5 Yankee Home Run Hitters 1955-2011
834
5.00
Sports
Jul 18, 2012
Go to Creator's Profile
Score Distribution
Quiz Creator Spotlight
grouchoatty
Follow
Send a Message
Quizzes Created
-
Created Quiz Play Count
-
More By This Creator
Popular Quizzes Today
1
Countries of Asia Without Outlines Minefield
2
Find the US States - No Outlines Minefield
3
Pick 6: Fruits
4
Alphabetical 'K' Countries by Flag Minefield
5
The Countries of the World
6
Find the Countries of Europe - No Outlines Minefield
7
Find the US States
8
US States
More Sports Quizzes
New York Mets 25+ HRs Single Season
Published
Trending Quizzes
Pick 6: Mountains
Pick 6: Harry Potter
Pick 6: Flags
Pick 6: NFL Teams
Pick 6: Movie Franchises
Recently Updated
Adaptations: Name the Title
pecheneg
NWSL Teams
pecheneg
Women's Final Four Teams by Year
bhenderson79
Presidents Quartet II
eogle
Anything But Clue(do)
eogle
Anything But Oceanian Capitals
eogle
Anything But 7
eogle
Anything But Thing
eogle
Word Ladder: February 29
pecheneg
Song Title Questions
pecheneg
Trending Topics
Crossword
Disney
Kpop
NBA
Marvel
Harry Potter
Anime
Song
Soccer
Puzzle
The Office
Country
Pokémon
NFL
WWE
Your Account Isn't Verified!
In order to create a playlist on Sporcle, you need to verify the email address you used during registration. Go to your
Sporcle Settings
to finish the process.
Report this User
Report this user for behavior that violates our
Community Guidelines
.
Details:
Send Report
Go to the Sporcle.com Mobile Site →
Comments